| 000 | 01685nam a2200421 c 4500 | ||
|---|---|---|---|
| 003 | BLK | ||
| 005 | 20200307104002.0 | ||
| 008 | 180408b bul|||||r ||||||| ||bul|| | ||
| 010 | _aKNG00054099000 | ||
| 020 |
_a954-9323-23-4 _bиздат.: Анимар |
||
| 040 | _aBLK | ||
| 041 |
_aBUL _cBUL |
||
| 080 |
_aВътрешна политика. Вж и 329 _b323 _x(470) _z323(470) |
||
| 080 |
_aПолитически подсистеми и институции. Социология на политиката _b316.334.3 _x(470) _z316.334.3(470) |
||
| 100 | 1 |
_aСървис, Робърт _eпърви автор _9127080 |
|
| 700 | 1 |
_aСтоянов, Михаил _eпрев. _9368443 |
|
| 139 |
_aСървис, Робърт _bС 97 |
||
| 245 | 1 | 0 |
_aРусия _bЕксперимент над един народ от 1991 до днес _cРобърт Сървис; прев. Михаил Стоянов. |
| 257 | _aGBR | ||
| 260 |
_аСофия _bАнимар _c2005 |
||
| 300 |
_a528 с. _c21 см |
||
| 380 | _a3 | ||
| 500 | _aОриг. загл. Russia : Experiment With a People / Robert Service. - Офс. изд. - Библиогр. с. 494-524. | ||
| 504 | _a494-524 | ||
| 650 | 4 |
_aРусия - вътрешна политика _9260411 |
|
| 650 | 4 |
_aРусия - история _9249464 |
|
| 651 | 4 |
_aРусия _9179465 |
|
| 653 | _aРусия | ||
| 653 | _aвътрешна политика | ||
| 653 | _aистория | ||
| 653 | _aобществено устройство | ||
| 653 | _aобществени отношения | ||
| 852 | _aЦб 223916 | ||
| 856 | 4 |
_qpdf _u |
|
| 856 | 4 |
_qpdf _u |
|
| 942 |
_cKNG _n0 _02 |
||
| 944 |
_aCR _c31.05.2005 _kГеновева_Генчева |
||
| 944 |
_aED _c08.12.2006 _k |
||
| 999 |
_c50228 _d50228 |
||